[Event "Titled Tuesday intern op 01st Sept"]
[Site "Chess.com INT"]
[Date "2020.09.01"]
[Round "5"]
[White "Kaminski, Victor Kazimierz"]
[Black "Parente, Renan Braz"]
[Result "1-0"]
[WhiteElo "2247"]
[BlackElo "2223"]
[PlyCount "45"]
[EventDate "2020.09.01"]
[EventType "swiss (blitz)"]
[EventRounds "10"]
[EventCountry "USA"]
[SourceTitle "CBM 198 Extra"]
[Source "ChessBase"]
[SourceDate "2020.11.30"]
[SourceVersion "1"]
[SourceVersionDate "2020.11.30"]
[SourceQuality "1"]

1. d4 e6 2. Nf3 f5 3. Bf4 Nf6 4. e3 b6 5. h3 Bb7 6. Nbd2 Be7 7. c4 0-0 8. Qc2 c5 9. dxc5 bxc5 10. 0-0-0 Nc6 11. a3 Qb6 12. Rg1 d6 13. g4 e5 14. Bg5 fxg4 15. hxg4 Rab8 16. Bd3 e4 17. Nxe4 Nxe4 18. Bxe4 h6 19. Bd5+ Kh8 20. Qg6 Rxf3 21. Bxh6 Bf6 22. Bxg7+ Bxg7 23. Rh1+ 1-0

[Event "Titled Tuesday intern op 01st Sept"]
[Site "Chess.com INT"]
[Date "2020.09.01"]
[Round "7"]
[White "Schut, Han"]
[Black "Parente, Renan Braz"]
[Result "1-0"]
[WhiteElo "2101"]
[BlackElo "2223"]
[PlyCount "49"]
[EventDate "2020.09.01"]
[EventType "swiss (blitz)"]
[EventRounds "10"]
[EventCountry "USA"]
[SourceTitle "CBM 198 Extra"]
[Source "ChessBase"]
[SourceDate "2020.11.30"]
[SourceVersion "1"]
[SourceVersionDate "2020.11.30"]
[SourceQuality "1"]

1. e4 e6 2. d4 d5 3. Nd2 Nc6 4. Ngf3 Nf6 5. Bd3 Nb4 6. Qe2 Be7 7. 0-0 0-0 8. e5 Nd7 9. c3 Nxd3 10. Qxd3 c5 11. Re1 Rb8 12. Nf1 b5 13. Ng3 b4 14. Be3 Qa5 15. Ng5 Bxg5 16. Bxg5 Ba6 17. Qd2 bxc3 18. bxc3 Nb6 19. Be7 cxd4 20. Bb4 dxc3 21. Qxc3 d4 22. Qd2 Qd5 23. Bxf8 Nc4 24. Qg5 Rxf8 25. Nh5 1-0

[Event "Cearense-ch"]
[Site "Fortaleza"]
[Date "2019.11.23"]
[Round "4"]
[White "Parente, Renan Braz"]
[Black "Pereira, Silvio Cunha"]
[Result "1/2-1/2"]
[WhiteElo "2219"]
[BlackElo "2201"]
[PlyCount "92"]
[EventDate "2019.11.17"]
[EventType "tourn"]
[EventRounds "9"]
[EventCountry "BRA"]
[SourceTitle "CBM 193 Extra"]
[Source "ChessBase"]
[SourceDate "2020.01.31"]
[SourceVersion "1"]
[SourceVersionDate "2020.01.31"]
[SourceQuality "1"]

1. d4 Nf6 2. Bg5 e6 3. Nd2 h6 4. Bh4 d5 5. e3 c5 6. c3 Be7 7. Bd3 Nc6 8. Ngf3 cxd4 9. exd4 Nh5 10. Bxe7 Qxe7 11. g3 e5 12. Nxe5 Nxe5 13. dxe5 Qxe5+ 14. Qe2 Qxe2+ 15. Bxe2 Nf6 16. Bf3 Bf5 17. 0-0 0-0-0 18. Nb3 Be4 19. Be2 Rhe8 20. Rfe1 Kc7 21. Bb5 Re6 22. Nd4 Rb6 23. f3 Bg6 24. Re2 Kb8 25. Rae1 Rxb5 26. Nxb5 Bd3 27. Nd4 Bxe2 28. Rxe2 g6 29. Kf2 Rd7 30. g4 Kc7 31. h4 a6 32. Ke1 Kd6 33. Kd2 Rd8 34. h5 gxh5 35. Nf5+ Kc7 36. gxh5 Nxh5 37. Nxh6 Rd7 38. Re5 Ng7 39. Rg5 Ne6 40. Rf5 Nd8 41. Kd3 Kd6 42. Rf6+ Ke7 43. Rb6 Nc6 44. Nf5+ Kd8 45. a4 Kc7 46. Rb3 Rd8 1/2-1/2

[Event "Fortaleza Gadelha Memorial"]
[Site "Fortaleza"]
[Date "2019.08.18"]
[Round "7"]
[White "Parente, Renan Braz"]
[Black "Lima, Darcy Gustavo Macha"]
[Result "0-1"]
[WhiteElo "2190"]
[BlackElo "2535"]
[PlyCount "66"]
[EventDate "2019.08.15"]
[EventType "swiss"]
[EventRounds "7"]
[EventCountry "BRA"]
[SourceTitle "CBM 191 Extra"]
[Source "ChessBase"]
[SourceDate "2019.09.30"]
[SourceVersion "1"]
[SourceVersionDate "2019.09.30"]
[SourceQuality "1"]

1. d4 f5 2. Bg5 h6 3. Bh4 g5 4. e3 Nf6 5. Bg3 d6 6. h4 g4 7. h5 Nc6 8. Ne2 e5 9. dxe5 dxe5 10. Qxd8+ Kxd8 11. Nbc3 Be6 12. e4 f4 13. Bh4 Be7 14. 0-0-0+ Nd7 15. Bxe7+ Nxe7 16. Nd5 Rf8 17. f3 c6 18. Nb4 Ng8 19. Nd3 Ke7 20. fxg4 Bxg4 21. Nf2 Ngf6 22. Nxg4 Nxg4 23. Rh4 Ne3 24. Re1 Rg8 25. g3 f3 26. Nc3 Nxf1 27. Rxf1 Rxg3 28. Kd2 Nf6 29. Ke3 Ng4+ 30. Rxg4 Rxg4 31. Rxf3 Rf8 32. Ne2 Rxf3+ 33. Kxf3 Rh4 0-1

[Event "Norte Nordeste-ch Amateur U2200"]
[Site "Fortaleza"]
[Date "2019.04.26"]
[Round "1"]
[White "Parente, Renan Braz"]
[Black "Macedo, Maximo Valerio"]
[Result "1-0"]
[WhiteElo "2173"]
[BlackElo "1984"]
[PlyCount "59"]
[EventDate "2019.04.26"]
[EventType "swiss"]
[EventRounds "6"]
[EventCountry "BRA"]
[SourceTitle "EXT 2020"]
[Source "ChessBase"]
[SourceDate "2019.10.17"]
[SourceVersion "1"]
[SourceVersionDate "2019.10.17"]
[SourceQuality "1"]

1. d4 Nf6 2. Bg5 d5 3. Bxf6 gxf6 4. e3 Bf5 5. Ne2 Qd6 6. Nbc3 c6 7. Ng3 Bg6 8. h4 h6 9. Bd3 Bxd3 10. Qxd3 e6 11. e4 Nd7 12. 0-0-0 0-0-0 13. Kb1 Be7 14. exd5 cxd5 15. Rhe1 Rde8 16. Nh5 Bd8 17. f4 Reg8 18. g3 f5 19. Nb5 Qb6 20. c4 a6 21. Nc3 dxc4 22. Qxc4+ Qc6 23. Qf1 Nf6 24. d5 Qb6 25. Nxf6 Bxf6 26. dxe6 fxe6 27. Qc4+ Qc6 28. Qxc6+ bxc6 29. Rxe6 Bxc3 30. Rxc6+ 1-0

[Event "Fortaleza Cearense-ch"]
[Site "Fortaleza"]
[Date "2018.12.02"]
[Round "9"]
[White "Parente, Renan Braz"]
[Black "Brandao, Marcius Gomes"]
[Result "1-0"]
[WhiteElo "2173"]
[BlackElo "2081"]
[PlyCount "103"]
[EventDate "2018.11.20"]
[EventType "tourn"]
[EventRounds "9"]
[EventCountry "BRA"]
[SourceTitle "CBM 187 Extra"]
[Source "ChessBase"]
[SourceDate "2018.11.04"]
[SourceVersion "1"]
[SourceVersionDate "2018.11.04"]
[SourceQuality "1"]

1. d4 d5 2. Bf4 Nc6 3. Nc3 Bf5 4. e4 e5 5. Bxe5 dxe4 6. Bb5 a6 7. Bxc6+ bxc6 8. f3 exf3 9. Qxf3 Ne7 10. 0-0-0 f6 11. Bg3 Qd7 12. Nge2 Nd5 13. Nf4 Bg4 14. Qe4+ Kf7 15. Nfxd5 Re8 16. Qd3 cxd5 17. Rde1 Ra8 18. Rhf1 Bb4 19. h3 Bh5 20. Qf5 Qxf5 21. Rxf5 c6 22. Rxh5 g6 23. Rh6 Kg7 24. Bf4 Rhe8 25. Rxe8 Rxe8 26. Rh4 h5 27. Bd2 Bd6 28. Kd1 Bg3 29. Rf4 Bxf4 30. Bxf4 g5 31. Bd2 Kg6 32. Na4 h4 33. Nc5 Kf5 34. Nxa6 g4 35. Nc5 gxh3 36. gxh3 Rg8 37. Be1 Rg1 38. Nd3 Ke4 39. Ke2 Rg2+ 40. Nf2+ Kxd4 41. Bc3+ Kc4 42. Bxf6 Rg1 43. a4 d4 44. Bxh4 Rb1 45. Nd1 Kb4 46. b3 d3+ 47. Kd2 dxc2 48. Kxc2 Ra1 49. Bg5 Ra2+ 50. Nb2 Ra1 51. Bc1 Kc5 52. h4 1-0

[Event "Fortaleza Cearense-ch"]
[Site "Fortaleza"]
[Date "2018.11.28"]
[Round "6"]
[White "Albuquerque, Wellington S Jr"]
[Black "Parente, Renan Braz"]
[Result "1/2-1/2"]
[WhiteElo "2181"]
[BlackElo "2173"]
[PlyCount "93"]
[EventDate "2018.11.20"]
[EventType "tourn"]
[EventRounds "9"]
[EventCountry "BRA"]
[SourceTitle "CBM 187 Extra"]
[Source "ChessBase"]
[SourceDate "2018.11.04"]
[SourceVersion "1"]
[SourceVersionDate "2018.11.04"]
[SourceQuality "1"]

1. c4 e6 2. Nf3 c5 3. g3 b6 4. Bg2 Bb7 5. 0-0 Nf6 6. b3 Be7 7. Bb2 0-0 8. e3 d5 9. Qe2 Nc6 10. Nc3 d4 11. exd4 cxd4 12. Nb5 d3 13. Qe3 Nb4 14. Qd4 a6 15. Qxd8 Rfxd8 16. Nc3 b5 17. cxb5 axb5 18. a4 Nc2 19. Rac1 bxa4 20. Nxa4 Rab8 21. Ne5 Bxg2 22. Kxg2 Rxb3 23. Nc6 Re8 24. Nxe7+ Rxe7 25. Bxf6 gxf6 26. Nc5 Ra3 27. Nxd3 Rxd3 28. Rxc2 Red7 29. Rd1 f5 30. Kf1 f4 31. Ke1 Kg7 32. Rc4 f3 33. Rc3 Kg6 34. Rxd3 Rxd3 35. Rc1 Ra3 36. Kd1 e5 37. Rc6+ f6 38. Kc2 Ra1 39. Rc3 e4 40. Re3 f5 41. d3 Ra2+ 42. Kc3 Rxf2 43. dxe4 fxe4 44. Rxe4 Rxh2 45. Rf4 Ra2 46. Kd3 f2 47. Ke3 1/2-1/2

[Event "Fortaleza Cearense-ch"]
[Site "Fortaleza"]
[Date "2018.11.23"]
[Round "3"]
[White "Parente, Renan Braz"]
[Black "Lima, Alan Elkinson Lopes"]
[Result "1-0"]
[WhiteElo "2173"]
[BlackElo "1968"]
[PlyCount "89"]
[EventDate "2018.11.20"]
[EventType "tourn"]
[EventRounds "9"]
[EventCountry "BRA"]
[SourceTitle "CBM 187 Extra"]
[Source "ChessBase"]
[SourceDate "2018.11.04"]
[SourceVersion "1"]
[SourceVersionDate "2018.11.04"]
[SourceQuality "1"]

1. d4 Nf6 2. Bg5 Ne4 3. Bh4 d5 4. f3 Nf6 5. Nc3 c5 6. e4 cxd4 7. Qxd4 Nc6 8. Bb5 Bd7 9. Bxc6 Bxc6 10. Bxf6 gxf6 11. exd5 e6 12. 0-0-0 Bxd5 13. Nxd5 Bh6+ 14. Kb1 Qxd5 15. Qxd5 exd5 16. Rxd5 0-0 17. Ne2 Rfe8 18. Nd4 Rad8 19. Rxd8 Rxd8 20. c3 Be3 21. Nf5 Bc5 22. Kc2 h5 23. Re1 Kh7 24. b4 Bf8 25. Re4 Kg6 26. g4 Bh6 27. Nxh6 Kxh6 28. Re7 hxg4 29. fxg4 Kg5 30. Rxf7 Rh8 31. Rxb7 Rxh2+ 32. Kb3 a5 33. bxa5 Kxg4 34. a6 Rh8 35. a7 Ra8 36. Kb4 f5 37. Kb5 f4 38. Kb6 f3 39. Rf7 Kg3 40. Kb7 Re8 41. a8Q Re2 42. Qg8+ Kf2 43. Qg4 Re3 44. c4 Kf1 45. Rxf3+ 1-0

[Event "Fortaleza Correa Cup"]
[Site "Fortaleza"]
[Date "2018.03.04"]
[Round "5"]
[White "Brandao, Marcius Gomes"]
[Black "Parente, Renan Braz"]
[Result "1/2-1/2"]
[WhiteElo "2075"]
[BlackElo "2176"]
[PlyCount "104"]
[EventDate "2018.02.28"]
[EventType "swiss"]
[EventRounds "5"]
[EventCountry "BRA"]
[SourceTitle "EXT 2019"]
[Source "ChessBase"]
[SourceDate "2018.10.10"]
[SourceVersion "1"]
[SourceVersionDate "2018.10.10"]
[SourceQuality "1"]

1. e4 c5 2. Nf3 g6 3. d4 cxd4 4. Qxd4 Nf6 5. Qa4 Nc6 6. Nc3 d6 7. e5 dxe5 8. Nxe5 Bg7 9. Nxc6 bxc6 10. Qxc6+ Bd7 11. Qa6 0-0 12. Be2 Qc7 13. h3 Rab8 14. a3 Bc6 15. 0-0 Nd7 16. Nb5 Bxb5 17. Bxb5 Nc5 18. Qc6 Qxc6 19. Bxc6 Rfc8 20. Bf3 Bxb2 21. Rb1 Bxc1 22. Rfxc1 e5 23. Bd5 Kg7 24. Re1 e4 25. Rb4 f5 26. Reb1 Rxb4 27. axb4 Rb8 28. Ba2 Na4 29. Rb3 Rb7 30. c4 a5 31. bxa5 Rxb3 32. Bxb3 Nc5 33. f4 Kf6 34. h4 Ke7 35. Kf2 Kd6 36. Bd1 Ne6 37. Ke3 Kc5 38. g4 Nc7 39. h5 Kxc4 40. Be2+ Kc5 41. hxg6 hxg6 42. gxf5 gxf5 43. a6 Nd5+ 44. Kf2 Kb6 45. Kg3 Nc7 46. Kh4 Ne6 47. Bc4 e3 48. Kg3 Nd4 49. Bd3 Ka7 50. Kg2 Kb8 51. Kg3 Kc7 52. Kg2 Kb6 1/2-1/2

[Event "Fortaleza Genti Memorial"]
[Site "Fortaleza"]
[Date "2017.09.24"]
[Round "6"]
[White "Souza, Rafael Cabral de"]
[Black "Parente, Renan Braz"]
[Result "0-1"]
[WhiteElo "2170"]
[BlackElo "2161"]
[PlyCount "64"]
[EventDate "2017.09.22"]
[EventType "swiss"]
[EventRounds "6"]
[EventCountry "BRA"]
[SourceTitle "CBM 180 Extra"]
[Source "ChessBase"]
[SourceDate "2017.10.06"]
[SourceVersion "1"]
[SourceVersionDate "2017.10.06"]
[SourceQuality "1"]

1. e4 c5 2. Nf3 g6 3. d4 cxd4 4. Nxd4 Nc6 5. Nc3 Bg7 6. Be3 Nf6 7. Bc4 Qa5 8. 0-0 0-0 9. Bb3 d6 10. h3 Bd7 11. f4 Nxd4 12. Bxd4 Bc6 13. Qd3 Rad8 14. Nd5 e5 15. Be3 Bxd5 16. exd5 e4 17. Qd1 Nd7 18. c3 b5 19. f5 b4 20. cxb4 Qxb4 21. Rf2 a5 22. Rc1 Rc8 23. Rc6 Be5 24. g4 Nc5 25. Kg2 Nd3 26. Rd2 Nxb2 27. Qe2 Nd3 28. Bh6 Rfe8 29. fxg6 hxg6 30. h4 Bf4 31. Rxc8 Rxc8 32. Rxd3 exd3 0-1

[Event "Fortaleza Genti Memorial"]
[Site "Fortaleza"]
[Date "2017.09.23"]
[Round "4"]
[White "Pereira, Silvio Cunha"]
[Black "Parente, Renan Braz"]
[Result "1-0"]
[WhiteElo "2276"]
[BlackElo "2161"]
[PlyCount "75"]
[EventDate "2017.09.22"]
[EventType "swiss"]
[EventRounds "6"]
[EventCountry "BRA"]
[SourceTitle "CBM 180 Extra"]
[Source "ChessBase"]
[SourceDate "2017.10.06"]
[SourceVersion "1"]
[SourceVersionDate "2017.10.06"]
[SourceQuality "1"]

1. e4 c5 2. Nf3 g6 3. d4 cxd4 4. Qxd4 Nf6 5. Nc3 Nc6 6. Qa4 d6 7. Bg5 Bg7 8. Bb5 0-0 9. 0-0 Bd7 10. Rfe1 a6 11. Bxc6 Bxc6 12. Qc4 Rc8 13. Qd3 Nd7 14. Nd4 Ne5 15. Qe2 Bd7 16. Rad1 h6 17. Bc1 b5 18. Nd5 e6 19. Ne3 Qb6 20. c3 Rfd8 21. h3 a5 22. Kh1 a4 23. f4 Nc4 24. f5 a3 25. bxa3 Ne5 26. Ng4 Rxc3 27. Nxh6+ Kh7 28. Bf4 Bxh6 29. Bxh6 exf5 30. Bg5 Re8 31. Qf2 f6 32. Bxf6 Nf7 33. Qh4+ Kg8 34. exf5 Rxe1+ 35. Rxe1 Qb7 36. fxg6 Rxh3+ 37. Qxh3 Bxh3 38. Re8# 1-0

[Event "Cearense Classic op"]
[Site "Fortaleza"]
[Date "2017.09.08"]
[Round "2"]
[White "De Araujo, Jose Claudio"]
[Black "Parente, Renan Braz"]
[Result "0-1"]
[WhiteElo "1883"]
[BlackElo "2067"]
[PlyCount "54"]
[EventDate "2017.09.07"]
[EventType "swiss"]
[EventRounds "6"]
[EventCountry "BRA"]
[SourceTitle "EXT 2019"]
[Source "ChessBase"]
[SourceDate "2018.10.10"]
[SourceVersion "1"]
[SourceVersionDate "2018.10.10"]
[SourceQuality "1"]

1. d4 d5 2. c4 c6 3. Nf3 Nf6 4. Nc3 a6 5. cxd5 cxd5 6. Bg5 Ne4 7. e3 Nxg5 8. Nxg5 e5 9. Nf3 e4 10. Nd2 Nc6 11. Qb3 Be6 12. Rc1 Be7 13. Na4 0-0 14. Be2 Qa5 15. Nc5 Rab8 16. a3 Rfc8 17. Qc3 Qd8 18. Ndb3 Bf5 19. Qd2 Bd6 20. Na1 Qg5 21. g3 Bh3 22. Bf1 Bxf1 23. Kxf1 Qf5 24. Qe2 Qh3+ 25. Kg1 Bxc5 26. Rxc5 Ne5 27. dxe5 Rxc5 0-1

[Event "Luiz Rego Memorial 5th"]
[Site "Teresina"]
[Date "2017.08.06"]
[Round "6"]
[White "Parente, Renan Braz"]
[Black "Amorim, Gidelson Ferreira"]
[Result "1/2-1/2"]
[WhiteElo "2159"]
[BlackElo "2000"]
[PlyCount "92"]
[EventDate "2017.08.04"]
[EventType "swiss"]
[EventRounds "6"]
[EventCountry "BRA"]
[SourceTitle "CBM 180 Extra"]
[Source "ChessBase"]
[SourceDate "2017.10.06"]
[SourceVersion "1"]
[SourceVersionDate "2017.10.06"]
[SourceQuality "1"]

1. e4 e5 2. Nf3 Nc6 3. Bb5 a6 4. Ba4 Nf6 5. 0-0 Be7 6. Re1 b5 7. Bb3 0-0 8. d4 d6 9. c3 Bg4 10. Be3 Na5 11. dxe5 Bxf3 12. Qxf3 dxe5 13. Bc2 Nc4 14. Bc1 Qd7 15. b3 Nb6 16. Nd2 Qg4 17. Qxg4 Nxg4 18. h3 Nf6 19. Nf3 Bd6 20. Be3 Nbd7 21. Red1 Rfe8 22. a4 Bc5 23. Bxc5 Nxc5 24. axb5 axb5 25. Rxa8 Rxa8 26. Nxe5 Ncxe4 27. Bxe4 Nxe4 28. Rd7 f6 29. Nd3 Ra3 30. Nf4 Rxb3 31. Ne6 Rxc3 32. Rxg7+ Kh8 33. Re7 h6 34. Nxc7 Rc1+ 35. Kh2 Nxf2 36. Nxb5 h5 37. Kg3 Nd3 38. Nd6 Kg8 39. Ne4 f5 40. Nf6+ Kf8 41. Rh7 Ne1 42. Kf2 Nd3+ 43. Kg3 f4+ 44. Kh4 Rg1 45. Nxh5 Rxg2 46. Rd7 Ne5 1/2-1/2

[Event "Luiz Rego Memorial 5th"]
[Site "Teresina"]
[Date "2017.08.06"]
[Round "5"]
[White "Perdomo, Leandro Daniel"]
[Black "Parente, Renan Braz"]
[Result "1-0"]
[WhiteElo "2457"]
[BlackElo "2159"]
[PlyCount "85"]
[EventDate "2017.08.04"]
[EventType "swiss"]
[EventRounds "6"]
[EventCountry "BRA"]
[SourceTitle "CBM 180 Extra"]
[Source "ChessBase"]
[SourceDate "2017.10.06"]
[SourceVersion "1"]
[SourceVersionDate "2017.10.06"]
[SourceQuality "1"]

1. d4 d5 2. c4 c6 3. Nc3 Nf6 4. e3 a6 5. Nf3 b5 6. cxd5 cxd5 7. Ne5 e6 8. Bd3 Bd6 9. f4 0-0 10. Qf3 Bb7 11. a3 Nbd7 12. 0-0 Rc8 13. Bd2 Rc7 14. Ne2 Qe7 15. Ba5 Rcc8 16. Ng3 g6 17. Rfc1 Rxc1+ 18. Rxc1 Rc8 19. Rxc8+ Bxc8 20. Qe2 Bb7 21. Qc2 Bxe5 22. fxe5 Ng4 23. Nf1 Nb8 24. h3 Nc6 25. Be1 Nh6 26. Nh2 f5 27. exf6 Qxf6 28. Qc5 Qe7 29. Qb6 e5 30. dxe5 Nxe5 31. Bb4 Qd7 32. Be2 Nc4 33. Qa7 Bc6 34. Qc5 Qe8 35. e4 dxe4 36. Bxc4+ bxc4 37. Qxc4+ Nf7 38. Ng4 Bb5 39. Qd4 Qc6 40. Nf6+ Kg7 41. Nxe4+ Kh6 42. Bf8+ Kh5 43. Ng3+ 1-0

[Event "Luiz Rego Memorial 5th"]
[Site "Teresina"]
[Date "2017.08.04"]
[Round "2"]
[White "Carvalho, Lazaro Miranda"]
[Black "Parente, Renan Braz"]
[Result "0-1"]
[WhiteElo "1931"]
[BlackElo "2159"]
[PlyCount "56"]
[EventDate "2017.08.04"]
[EventType "swiss"]
[EventRounds "6"]
[EventCountry "BRA"]
[SourceTitle "CBM 180 Extra"]
[Source "ChessBase"]
[SourceDate "2017.10.06"]
[SourceVersion "1"]
[SourceVersionDate "2017.10.06"]
[SourceQuality "1"]

1. Nf3 Nf6 2. b3 g6 3. Bb2 Bg7 4. e3 0-0 5. d4 b6 6. Be2 Bb7 7. 0-0 d6 8. Nbd2 Nbd7 9. c4 e5 10. d5 c6 11. e4 Nc5 12. Qc2 cxd5 13. exd5 b5 14. Rad1 b4 15. Ne1 Bh6 16. Nd3 Nxd3 17. Bxd3 Rc8 18. Qb1 Nh5 19. Ne4 f5 20. Ng3 Ng7 21. f3 Be3+ 22. Kh1 f4 23. Ne2 Rc7 24. g4 fxg3 25. hxg3 Rcf7 26. Be4 Bc8 27. Qd3 Qg5 28. Bc1 Qh5+ 0-1

[Event "Rio de Janeiro Padua Memorial 1st"]
[Site "Rio de Janeiro"]
[Date "2016.10.23"]
[Round "3"]
[White "Parente, Renan Braz"]
[Black "Simoes, Leo Ramos"]
[Result "1-0"]
[WhiteElo "2126"]
[BlackElo "2010"]
[PlyCount "43"]
[EventDate "2016.10.22"]
[EventType "swiss"]
[EventRounds "6"]
[EventCountry "BRA"]
[SourceTitle "EXT 2018"]
[Source "ChessBase"]
[SourceDate "2017.10.13"]
[SourceVersion "1"]
[SourceVersionDate "2017.10.13"]
[SourceQuality "1"]

1. e4 e5 2. Nf3 Nc6 3. Bb5 a6 4. Ba4 Nf6 5. 0-0 b5 6. Bb3 Be7 7. d4 d6 8. a4 Bb7 9. Qe2 Nxd4 10. Nxd4 exd4 11. axb5 Qc8 12. e5 Ng4 13. exd6 cxd6 14. Bg5 f6 15. Be6 Qc5 16. bxa6 Qb6 17. Bxg4 fxg5 18. Re1 0-0 19. axb7 Rxa1 20. Qxe7 Qd8 21. Be6+ Kh8 22. Qxd8 1-0